|
|
|
|
| LEADER |
00687nam a2200253 a 4500 |
| 001 |
adlib96000001 |
| 003 |
ViArRB |
| 005 |
20151026131012.0 |
| 008 |
960221s1955 dcuabcdjdbkoqu001 0deng d |
| 020 |
|
|
|
| 022 |
|
|
|
| 040 |
|
|
|a Adlib
|
| 082 |
|
|
|a 65.011.56
|
| 245 |
|
|
|a Local Area Networks:Issues, Products,and Developments
|
| 250 |
|
|
|
| 260 |
|
|
|a Chichester
|b John Wiley
|c 1984
|
| 300 |
|
|
|a xv,190 p.
|
| 500 |
|
|
|a Ref at the end
|
| 100 |
|
|
|a Cheong,V.E.
|
| 700 |
|
|
|a Hirschheim,R.A.
|
| 942 |
|
|
|c BK
|6 _
|
| 653 |
|
|
|a Local Area Networks
|
| 999 |
|
|
|c 18273
|d 18273
|
| 952 |
|
|
|0 0
|1 0
|4 0
|6 6501156_CHE
|7 0
|9 29812
|a UL
|b UL
|d 2010-06-16
|o 65.011.56 CHE
|p 00033855
|r 2010-06-16
|w 2010-06-16
|y BK
|